00227nam a2200085Ia 4500008004100000100002800041245002200069260004200091300000800133201210s9999 xx 000 0 und d aHarvard Business Review 0aPlanning Part II. aBostonbHarvard Business School Press a178